| 000 | 00359nam a2200121Ia 4500 | ||
|---|---|---|---|
| 008 | 220120s9999||||xx |||||||||||||| ||und|| | ||
| 082 | _a005.73 KRU | ||
| 100 | _aKruse, Robert, L Leung, Bruce, P & Tondo, Clovis, L | ||
| 245 | 0 | _aData structures and progrm design in C | |
| 260 |
_bIBM learning services _c1999 |
||
| 300 | _b0 | ||
| 650 | _aPROGRAMMING LANGUAGE | ||
| 999 |
_c137057 _d137057 |
||